जातकट्ठकथा (Record no. 378671)

MARC details
000 -LEADER
fixed length control field 00792nam a2200241Ia 4500
003 - CONTROL NUMBER IDENTIFIER
control field OSt
005 - DATE AND TIME OF LATEST TRANSACTION
control field 20220923225513.0
008 - FIXED-LENGTH DATA ELEMENTS--GENERAL INFORMATION
fixed length control field 220922b |||||||| |||| 00| 0 pl d
037 ## - SOURCE OF ACQUISITION
Terms of availability Textual
040 ## - CATALOGING SOURCE
Original cataloging agency ARTS
Transcribing agency ARTS
Language of cataloging pl
041 ## - LANGUAGE CODE
Source of code pl
Language code of text/sound track or separate title pl
100 ## - MAIN ENTRY--PERSONAL NAME
Personal name बुद्धघोस
9 (RLIN) 156277
245 #0 - TITLE STATEMENT
Title जातकट्ठकथा
246 ## - VARYING FORM OF TITLE
Title proper/short title Jātakaṭṭhakathā
260 ## - PUBLICATION, DISTRIBUTION, ETC.
Place of publication, distribution, etc. वाराणसी
Name of publisher, distributor, etc. सम्पूर्णानन्द संस्कृत विश्वविद्यालयस्य
Date of publication, distribution, etc. 1992
300 ## - PHYSICAL DESCRIPTION
Extent 247पृ0
Dimensions cm.
942 ## - ADDED ENTRY ELEMENTS (KOHA)
Classification part Q41:22511:gx5, 1511N2
Koha item type Textual
Source of classification or shelving scheme Colon Classification (CC)
Holdings
Withdrawn status Lost status Damaged status Not for loan Home library Current library Date acquired Total Checkouts Full call number Barcode Date last seen Price effective from Koha item type
        Arts Library Arts Library 2022-09-23   Q41:22511:gx5 1511N2 AL0565209 2022-09-23 2022-09-23 Textual
Copyright @ Delhi University Library System